Score 0/12 Timer 02:00
1 Play Today
% Correct
Christian Bale
95.6%
Adam West
95.4%
Ben Affleck
95%
George Clooney
93.5%
Michael Keaton
92.9%
Val Kilmer
90.1%
Kevin Conroy
68.3%
Will Arnett
62.3%
Bruce Greenwood
55.8%
Robert Lowery
53.2%
Lewis Wilson
48.6%
Olan Soule
42.3%
Remove Ads.
Support Sporcle.
Get the best of Sporcle when you Go Orange. This ad-free experience offers more features, more stats, and more fun while also helping to support Sporcle. Thank you for becoming a member.

You're not logged in!

Compare scores with friends on all Sporcle quizzes.
OR
Log In

Sporcle TV

Today on Sporcle TV


Watch our educational content, quiz creation guides, and fun videos on Sporcle TV.

Show Comments

Extras

Top Quizzes Today


Score Distribution

Paid Content

Your Account Isn't Verified!

In order to create a playlist on Sporcle, you need to verify the email address you used during registration. Go to your Sporcle Settings to finish the process.

Report this User

Report this user for behavior that violates our Community Guidelines.

Details: